000 00514nam a2200193Ia 4500
005 20250326143618.0
008 250326s9999 xx 000 0 und d
020 _a1-4039-4322-2
037 _aTextbook
040 _aFMSL
_beng
_cFMSL
041 _aeng
_2eng
084 _aX:74 P5
_qFMSL
100 _aCurtin T
_9748266
245 0 _aManaging: crisis
_cCurtin T And Others
260 _aNew York
_bNew York, Palgrave
_c2005
300 _a180p
942 _cTB
_hX:74 P5
999 _c1300270
_d1300270